How Many Letters? - Whammies - Statistics

General Stats
  • This quiz has been taken 205 times
  • The average score is 10 of 20
Answer Stats
Hint Word(s) Letters % Correct
Largest country in the world by size Russia 6
99%
Most common English word The 3
79%
Last name of the first U.S. President Washington 10
76%
Spanish for "yes" 2
74%
Megacity in Peru Lima 4
74%
Country where paper was invented China 5
60%
Smallest U.S. State by size Rhode Island 11
59%
Most famous lake in Scotland Loch Ness 8
54%
Third element of the Periodic Table Lithium 7
52%
Pixar movie about a floating house Up 2
50%
Only island where lemurs live in the wild Madagascar 10
42%
Doctor who specializes on the heart Cardiologist 12
41%
France's territory in South America French Guiana 12
39%
Closest star to earth Sun 3
39%
Country with the ancient city of Timbuktu Mali 4
35%
Most spoken language in Cambodia Khmer 5
34%
Province of Newfoundland and …. Labrador 8
31%
Biggest animal to ever live Blue Whale 9
28%
Game with the most copies sold Tetris 6
22%
Pokémon type of Mewtwo Psychic 7
15%
No matching quizzes found
Score Distribution
Percent of People with Each Score
Percentile by Number Answered
Your Score History
You have not taken this quiz